000 00405nam a2200145Ia 4500
008 151015s9999 xx 000 0 und d
020 _a9.7800745151e+012
050 _aTX911.3A271982
245 _aAndrew Sudhir
250 _a_Hotel Front Office Training Manual
300 _aIndia Tata McGraw-hill 1982
500 _aIncludes index
650 _a_Front office
700 _a^d20110120 02:56:10^okorir
999 _c978
_d978